| 000 | 00000nam##2200000za#4500 |
| 001 | 9.587683 |
| 003 | CaOODSP |
| 005 | 20210624194743 |
| 007 | cr ||||||||||| |
| 008 | 150406|2007||||xxc|||||o f|0| 0 eng|d |
| 022 | |a1701-1280 |
| 040 | |aCaOODSP|beng |
| 041 | |aeng |
| 041 | |afre |
| 043 | |an-cn--- |
| 086 | 1 |aFs70-4/2007-014-PDF |
| 110 | 1 |aCanada. |bDepartment of Fisheries and Oceans. |
| 245 | 10|aNational workshop on the evaluation of a Quantitative Biological Risk Assessment Tool (QBRAT) through various case studies : |h[electronic resource]|b29-30 November 2006, Ottawa ON / |c[by] B. Cudmore, M.A. Koops and N.E. Mandrak. |
| 260 | |aOttawa - Ontario : |bFisheries and Oceans Canada |cOctober 2007. |
| 300 | |a19p.|btables |
| 490 | 1 |aCanadian Science Advisory Secretariat proceedings series|x1701-1280|v2007/014 |
| 590 | |a11-31-Supp|b2011-12-13 |
| 720 | 1 |aMandrak, N. E. |
| 720 | 1 |aCudmore, B. |
| 720 | 1 |aKoops, M.A. |
| 792 | |tAtelier national sur l'évaluation d'un outil de quantification des risques biologiques (OQRB) à l'aide de diverses études de cas : |efre|w(CaOODSP)9.587684 |
| 830 | #0|aProceedings series (Canadian Science Advisory Secretariat)|x1701-1280|v2007/014|w(CaOODSP)9.500507 |
| 856 | 40|ahttp://publications.gc.ca|qPDF|s115 KB|uhttps://publications.gc.ca/collections/collection_2011/mpo-dfo/Fs70-4-2007-014.pdf|y2007/014 |